000 00730nam a2200241 a 4500
001 73338
003 BD-RjUL
005 20211209082401.0
008 741203s19611978ii a i 001 0 eng c
035 _a(BD-RjUL)73556
040 _aNHM
_cNHM
_dEQO
_beng
041 _aeng
082 _223
_a621.3841
_bMAT1963 , 1978
100 1 _aMarkus, John,
_d1911-
_9165694
245 1 0 _aTelevision and radio repairing /
_cJohn Markus
250 _a2d ed.
260 _aNew Delhi :
_bMcGraw-Hill,
_c1961.[Reprint 1978]
300 _avi,568p. :
_bill. ;
_c19cm.
500 _a"McGraw-Hill television, radio, and audio servicing course."
650 0 _aRadio
_xRepairing.
_9216928
650 0 _aTelevision
_xRepairing
_9201733
942 _2ddc
_cBK
999 _c73338
_d73338